Statistics for NHL Team Top 5 All Time Points Leaders

Click here to take the quiz!

General Stats

  • This quiz has been taken 142 times
  • The average score is 83 of 157

Answer Stats

TeamPlayer% Correct
Anaheim DucksTeemu Selänne
97%
Edmonton Oilers | Los Angeles KingsWayne Gretzky
92%
Chicago BlackhawksBobby Hull
90%
St. Louis BluesBrett Hull
90%
Edmonton Oilers | New York RangersMark Messier
88%
Pittsburgh PenguinsSidney Crosby
88%
Dallas Stars / Minnesota North StarsMike Modano
87%
Chicago BlackhawksPatrick Kane
87%
Anaheim DucksRyan Getzlaf
87%
Nashville PredatorsFilip Forsberg
86%
Detroit Red WingsGordie Howe
86%
Pittsburgh PenguinsMario Lemieux
86%
Colorado Avalanche / Quebec NordiquesPeter Forsberg
86%
Washington CapitalsAlexander Ovechkin
85%
Colorado Avalanche / Quebec NordiquesJoe Sakic
85%
Detroit Red WingsSteve Yzerman
85%
Anaheim DucksCorey Perry
84%
Pittsburgh PenguinsEvgeni Malkin
83%
Montreal CanadiensGuy Lafleur
82%
Edmonton OilersJari Kurri
82%
Pittsburgh PenguinsJaromír Jágr
82%
Boston BruinsBobby Orr
81%
Montreal CanadiensHenri Richard
81%
Calgary FlamesJarome Iginla
81%
Montreal CanadiensMaurice Richard
81%
Tampa Bay LightningSteven Stamkos
80%
Tampa Bay LightningMartin St. Louis
79%
Columbus Blue JacketsRick Nash
79%
Ottawa SenatorsDaniel Alfredsson
78%
San Jose SharksJoe Thornton
76%
Vancouver CanucksDaniel Sedin
75%
Vancouver CanucksHenrik Sedin
75%
Los Angeles KingsMarcel Dionne
75%
New York IslandersMike Bossy
75%
Minnesota WildMikko Koivu
75%
San Jose SharksPatrick Marleau
75%
Arizona Coyotes / Winnipeg JetsShane Doan
75%
Los Angeles KingsAnže Kopitar
74%
Winnipeg Jets / Atlanta ThrashersIlya Kovalchuk
74%
Toronto Maple LeafsMats Sundin
74%
Chicago BlackhawksStan Mikita
74%
Philadelphia FlyersClaude Giroux
73%
Boston BruinsRay Bourque
73%
Carolina Hurricanes / Hartford WhalersRon Francis
73%
Washington CapitalsNicklas Bäckström
72%
Anaheim DucksPaul Kariya
72%
Boston BruinsPhil Esposito
72%
Philadelphia FlyersBobby Clarke
71%
Ottawa SenatorsErik Karlsson
71%
Dallas Stars / Minnesota North StarsJamie Benn
71%
Los Angeles KingsLuc Robitaille
71%
Edmonton OilersPaul Coffey
71%
Vegas Golden KnightsWilliam Karlsson
71%
Tampa Bay LightningNikita Kucherov
69%
Winnipeg Jets / Atlanta ThrashersBlake Wheeler
68%
New York IslandersBryan Trottier
68%
Detroit Red WingsNicklas Lidström
68%
Tampa Bay LightningVincent Lecavalier
68%
Florida PanthersAleksander Barkov
67%
Florida PanthersJonathan Huberdeau
67%
Arizona Coyotes / Winnipeg JetsDale Hawerchuk
66%
Montreal CanadiensJean Béliveau
66%
New Jersey DevilsPatrik Eliáš
66%
Arizona Coyotes / Winnipeg JetsKeith Tkachuk
65%
St. Louis BluesBrian Sutter
62%
Vegas Golden KnightsJonathan Marchessault
62%
Colorado Avalanche / Quebec NordiquesPeter Šťastný
61%
Calgary FlamesJoe Nieuwendyk
60%
Minnesota WildZach Parise
60%
Carolina Hurricanes / Hartford WhalersEric Staal
59%
Buffalo SabresGilbert Perreault
59%
Minnesota WildMarián Gáborík
59%
Vegas Golden KnightsReilly Smith
59%
Calgary FlamesAl MacInnis
58%
San Jose SharksBrent Burns
58%
New York IslandersDenis Potvin
58%
Detroit Red WingsHenrik Zetterberg
58%
Calgary FlamesGary Suter
57%
Minnesota WildRyan Suter
57%
Nashville PredatorsRoman Josi
56%
San Jose SharksJoe Pavelski
55%
Vancouver CanucksMarkus Näslund
55%
New York RangersBrian Leetch
54%
Boston BruinsJohn Bucyk
54%
Carolina Hurricanes / Hartford WhalersRod Brind'Amour
54%
Buffalo SabresDave Andreychuk
52%
Calgary FlamesTheoren Fleury
52%
Washington CapitalsMike Gartner
51%
Ottawa SenatorsJason Spezza
50%
Winnipeg Jets / Atlanta ThrashersMark Scheifele
49%
Florida PanthersOlli Jokinen
49%
Toronto Maple LeafsDarryl Sittler
47%
San Jose SharksLogan Couture
46%
Nashville PredatorsShea Weber
46%
Columbus Blue JacketsNick Foligno
45%
Edmonton OilersGlenn Anderson
44%
Colorado Avalanche / Quebec NordiquesMilan Hejduk
44%
Columbus Blue JacketsCam Atkinson
43%
Nashville PredatorsDavid Legwand
43%
Chicago BlackhawksDenis Savard
43%
New York RangersRod Gilbert
42%
Vancouver CanucksTrevor Linden
41%
St. Louis BluesBernie Federko
40%
Dallas Stars / Minnesota North StarsDino Ciccarelli
40%
New York IslandersJohn Tavares
40%
Montreal CanadiensLarry Robinson
40%
Colorado Avalanche / Quebec NordiquesMichel Goulet
39%
Washington CapitalsPeter Bondra
39%
Detroit Red WingsAlex Delvecchio
36%
Ottawa SenatorsAlexei Yashin
36%
Tampa Bay LightningBrad Richards
36%
Vegas Golden KnightsMax Paccioretty
34%
Buffalo SabresPhil Housley
34%
Vegas Golden KnightsShea Theodore
34%
Toronto Maple LeafsBörje Salming
33%
Los Angeles KingsDave Taylor
33%
Philadelphia FlyersBill Barber
32%
Buffalo SabresRick Martin
31%
New York RangersJean Ratelle
30%
Dallas Stars / Minnesota North StarsBrian Bellows
27%
Toronto Maple LeafsDave Keon
27%
New York IslandersClark Gillies
26%
New Jersey DevilsTravis Zajac
26%
Winnipeg Jets / Atlanta ThrashersDustin Byfuglien
25%
Chicago BlackhawksSteve Larmer
24%
New Jersey DevilsScott Gomez
23%
Boston BruinsRick Middleton
22%
New York RangersAndy Bathgate
21%
Florida PanthersScott Mellanby
21%
New Jersey DevilsJohn MacLean
20%
Dallas Stars / Minnesota North StarsNeal Broten
20%
Anaheim DucksSteve Rucchin
20%
Winnipeg Jets / Atlanta ThrashersVyacheslav Kozlov
19%
Vegas Golden KnightsAlex Tuch
18%
St. Louis BluesAlex Steen
17%
Philadelphia FlyersRick MacLeish
17%
Arizona Coyotes / Winnipeg JetsThomas Steen
17%
Carolina Hurricanes / Hartford WhalersKevin Dineen
16%
Nashville PredatorsMartin Erat
16%
Philadelphia FlyersBrian Propp
15%
Winnipeg Jets / Atlanta ThrashersBryan Little
14%
New Jersey DevilsKirk Muller
14%
Vancouver CanucksStan Smyl
14%
Ottawa SenatorsWade Redden
13%
Columbus Blue JacketsR.J. Umberger
12%
Toronto Maple LeafsGeorge Armstrong
11%
Pittsburgh PenguinsRick Kehoe
11%
Florida PanthersStephen Weiss
10%
Columbus Blue JacketsDavid Výborný
9%
Buffalo SabresCraig Ramsay
8%
Minnesota WildPierre-Marc Bouchard
8%
Carolina Hurricanes / Hartford WhalersJeff O'Neill
7%
St. Louis BluesGarry Unger
6%
Washington CapitalsMichal Pivoňka
5%
Arizona Coyotes / Winnipeg JetsDoug Smail
3%

Score Distribution

Percentile by Number Answered

Percent of People with Each Score

Your Score History

You have not taken this quiz